000 01490nam a2200265Ia 4500
999 _c46908
_d46908
001 13761
003 GE_BSU
005 20241011125818.0
008 181216s2009||||ge |||||||||||||| ||geo||
040 _cGE_BSU
041 _ageo
080 _a72(479.22)+821.353.1-92 დ-15
100 _aდავითაია, ვახტანგ
_915482
245 _aარქიტექტურა. ოცნება და სინამდვილე. წიგნი 2 /
_cვახტანგ დავითაია ; რედაქტორები : ელენე კალანდაძე, მანანა უკლება.
264 _aთბილისი :
_b(სტ. "ომეგა თეგი"),
_c2009.
300 _a552 გვ. :
_bილ. ;
_c21 სმ.
500 _aთავფურცელზე ავტორი მითითებული არ არის
501 _aთავფურცელზე : ავტორის მინაწერი. F 94.819/3
653 _aარქიტექტურა
653 _aოცნება და სინამდვილე
653 _aქალაქდაგეგმარება, რეკონსტრუქცია, რეაბილიტაცია
700 _aკალანდაძე, ელენე
_eრედაქტორი
_923389
700 _aუკლება, მანანა
_eრედაქტორი
_96609
942 _cBK
_2udc